Operations Management: For Competitive Advantage (Record no. 3965)

MARC details
005 - DATE AND TIME OF LATEST TRANSACTION
control field 20250613100638.0
020 ## - INTERNATIONAL STANDARD BOOK NUMBER
International Standard Book Number 978-0-07-060448-3
082 ## - DEWEY DECIMAL CLASSIFICATION NUMBER
Classification number LECT 658.54 CHA
100 ## - MAIN ENTRY--PERSONAL NAME
Author name CHASE, R. B.
245 ## - TITLE STATEMENT
Title Operations Management: For Competitive Advantage
250 ## - EDITION STATEMENT
Edition statement 11th Ed.
260 ## - PUBLICATION, DISTRIBUTION, ETC.
Place of publication, distribution, etc. New Delhi,
Name of publisher, distributor, etc. Tata McGraw-Hill Publishing Company,
Date of publication, distribution, etc. 2006.
300 ## - PHYSICAL DESCRIPTION
Extent xxxv, 875p.: ill.; map, picture, table.
Other physical details Index.
Dimensions 25cm.
700 ## - ADDED ENTRY--PERSONAL NAME
Other authors/Editors JACOBS, F. R, AQUILANO, N. J. & AGARWAL, N. K.
856 ## - ELECTRONIC LOCATION AND ACCESS
Link text Access online book
Electronic name Operations Management
Path www.tatamcgrawhill.com
942 ## - ADDED ENTRY ELEMENTS (KOHA)
Source of classification or shelving scheme Dewey Decimal Classification
Koha item type Books
Holdings
Date last seen Total checkouts Full call number Barcode Cost, replacement price Price effective from Koha item type Lost status Source of classification or shelving scheme Damaged status Not for loan Withdrawn status Home library Current library Shelving location Date acquired Cost, normal purchase price
06/13/2025   LECT 658.54 CHA 00000012953 195000.00 06/13/2025 Books   Dewey Decimal Classification       College of Business Education Main Library College of Business Education Main Library General Collection 09/08/2008 65000.00